|
|
|
|
| LEADER |
00000nam a2200000 i 4500 |
| 001 |
DIGUAZUAY0190 |
| 003 |
NyNyDIG |
| 007 |
cr ||||||||||| |
| 008 |
260113s2023 ec ab o 000 f spa d |
| 006 |
m o d |
| 035 |
|
|
|a (OCoLC)1569883637
|
| 040 |
|
|
|a DGITA
|b eng
|e rda
|e pn
|c DGITA
|
| 020 |
|
|
|a 9789942618191
|q eBook
|
| 020 |
|
|
|z 9789942618184
|
| 050 |
1 |
4 |
|a PQ8220.41.L92 ebook
|
| 100 |
1 |
|
|a Alvarez, John,
|e author.
|
| 245 |
1 |
0 |
|a Regiones :
|b la soldado de oro /
|c John Alvarez.
|
| 264 |
|
1 |
|a Cuenca, Ecuador :
|b Universidad del Azuay, Casa Editora,
|c [2023]
|
| 300 |
|
|
|a 1 online resource :
|b illustrations, map.
|
| 336 |
|
|
|a text
|b txt
|2 rdacontent
|
| 337 |
|
|
|a computer
|b c
|2 rdamedia
|
| 338 |
|
|
|a online resource
|b cr
|2 rdacarrier
|
| 347 |
|
|
|a text file
|2 rdaft
|
| 347 |
|
|
|b PDF
|
| 490 |
1 |
|
|a Litterae
|
| 588 |
0 |
|
|a Online resource; title from PDF title page (Digitalia, viewed January 13, 2026)
|
| 655 |
|
7 |
|a Fiction.
|2 lcgft
|
| 655 |
|
7 |
|a Novels.
|2 lcgft
|
| 791 |
2 |
|
|a Digitalia (Firm),
|e distributor.
|
| 793 |
0 |
|
|g Digitalia eBook Collection:
|a Universidad del Azuay
|
| 776 |
0 |
8 |
|i Print version:
|a Alvarez, John.
|t Regiones.
|d Cuenca, Ecuador : Universidad del Azuay, Casa Editora, [2023]
|z 9789942618184
|
| 830 |
|
0 |
|a Litterae (Cuenca, Ecuador)
|
| 856 |
4 |
0 |
|3 Digitalia Hispánica
|u https://www.digitaliapublishing.com/a/133575/
|
| 910 |
|
|
|a Premium collection: 2026
|